India : A Wounded Civilization (Record no. 1451523)

MARC details
000 -LEADER
fixed length control field 00548nam a2200205Ia 4500
005 - DATE AND TIME OF LATEST TRANSACTION
control field 20250923145443.0
008 - FIXED-LENGTH DATA ELEMENTS--GENERAL INFORMATION
fixed length control field 008 250917s9999 xx 000 0 eng d
037 ## - SOURCE OF ACQUISITION
Stock number Textual
040 ## - CATALOGING SOURCE
Original cataloging agency DSWL
Language of cataloging eng
Transcribing agency DSWL
041 ## - LANGUAGE CODE
Language code of text/sound track or separate title eng
Source of code eng
084 ## - COLON CLASSIFICATION NUMBER
Classification number z2, N77
Assigning agency DSWL
100 ## - MAIN ENTRY--PERSONAL NAME
Personal name Naipaul, V.S.
9 (RLIN) 835473
245 #0 - TITLE STATEMENT
Title India : A Wounded Civilization
Statement of responsibility, etc. by V.S.Naipaul
260 ## - PUBLICATION, DISTRIBUTION, ETC.
Place of publication, distribution, etc. London
Name of publisher, distributor, etc. Andre Dentsch
Date of publication, distribution, etc. 1977
300 ## - PHYSICAL DESCRIPTION
Extent 174 p.
365 ## - TRADE PRICE
Price type code INR
Price amount 59
925 ## -
-- 59
942 ## - ADDED ENTRY ELEMENTS (KOHA)
Koha item type Textual
Classification part z2, N77
Holdings
Withdrawn status Lost status Damaged status Not for loan Home library Current library Date acquired Source of acquisition Inventory number Total Checkouts Full call number Barcode Date last seen Price effective from Koha item type
        Department of Social Work Library Department of Social Work Library 2025-09-23 Select Book Sellers Syndicate 271/5/78 17/05/1978   z2, N77 SW0018924 2025-09-23 2025-09-23 Textual
Copyright @ Delhi University Library System